Central Library || Chittagong University

ক্লাসিক্যাল মুসলিম দারসনিকবৃন্দ / (Record no. 112930)

MARC details
000 -LEADER
fixed length control field 00866nam a22002057a 4500
003 - CONTROL NUMBER IDENTIFIER
control field BD-ChCU
005 - DATE AND TIME OF LATEST TRANSACTION
control field 20260513100353.0
008 - FIXED-LENGTH DATA ELEMENTS--GENERAL INFORMATION
fixed length control field 260513b bg ||||| |||| 00| 0 ben d
020 ## - INTERNATIONAL STANDARD BOOK NUMBER
International Standard Book Number 9847013103260
040 ## - CATALOGING SOURCE
Transcribing agency BD-ChCU
082 ## - DEWEY DECIMAL CLASSIFICATION NUMBER
Edition number 23
Classification number ১৮১ জাহা৯ক্ল
100 ## - MAIN ENTRY--PERSONAL NAME
Personal name জাহান, তাসমিনা।
9 (RLIN) 22896
245 ## - TITLE STATEMENT
Title ক্লাসিক্যাল মুসলিম দারসনিকবৃন্দ /
Statement of responsibility, etc. তাসমিনা জাহান।
260 ## - PUBLICATION, DISTRIBUTION, ETC.
Place of publication, distribution, etc. ঢাকাঃ
Name of publisher, distributor, etc. মেরিট ফেয়ার প্রকাশন,
Date of publication, distribution, etc. ২০১৩
300 ## - PHYSICAL DESCRIPTION
Extent ৩৩৬ পৃ.
504 ## - BIBLIOGRAPHY, ETC. NOTE
Bibliography, etc. note সম্বলিত।
650 #0 - SUBJECT ADDED ENTRY--TOPICAL TERM
Topical term or geographic name entry element মুসলিম-দার্শনিক।
9 (RLIN) 22897
700 ## - ADDED ENTRY--PERSONAL NAME
Personal name খলিল, মোঃ ইব্রাহিম।
Relator term যুগ্ন লেখক
9 (RLIN) 22898
942 ## - ADDED ENTRY ELEMENTS (KOHA)
Source of classification or shelving scheme Dewey Decimal Classification
Koha item type Books
Suppress in OPAC No
Holdings
Withdrawn status Lost status Source of classification or shelving scheme Damaged status Not for loan Home library Current library Shelving location Date acquired Source of acquisition Total Checkouts Full call number Barcode Date last seen Copy number Price effective from Koha item type
    Dewey Decimal Classification     Chittagong University Library Chittagong University Library Arts and Humanities Reading Room 05/13/2026 purchase   ১৮১ জাহা৯ক্ল 334881 05/13/2026 ক-১ 05/13/2026 Books
    Dewey Decimal Classification     Chittagong University Library Chittagong University Library Arts and Humanities Reading Room 05/13/2026 purchase   ১৮১ জাহা৯ক্ল 334882 05/13/2026 ক-২ 05/13/2026 Books
    Dewey Decimal Classification     Chittagong University Library Chittagong University Library Arts and Humanities Reading Room 05/13/2026 purchase   ১৮১ জাহা৯ক্ল 334883 05/13/2026 ক-৩ 05/13/2026 Books
    Dewey Decimal Classification     Chittagong University Library Chittagong University Library   05/13/2026         05/13/2026   05/13/2026 Books
© Copyright 2026. Chittagong University Library, Installation and Maintenance by Prof. Dr. Md. Alamgir, 01711306253